000 00293nam a2200109Ia 4500
008 220204s9999 xx 000 0 und d
082 _a577.1
_bANN.60
245 0 _aAnnual review of biochemistry. V 60. 1991
260 _aCalifornia
_bAnnual Reviews
_c1991
650 _aBiochemistry
942 _cBK
999 _c44977
_d44977